<?xml version="1.0" encoding="UTF-8"?>
<record
    xmlns:xsi="http://www.w3.org/2001/XMLSchema-instance"
    xsi:schemaLocation="http://www.loc.gov/MARC21/slim http://www.loc.gov/standards/marcxml/schema/MARC21slim.xsd"
    xmlns="http://www.loc.gov/MARC21/slim">

  <leader>02864ngm a2200565Ia 4500</leader>
  <controlfield tag="001">31762907</controlfield>
  <controlfield tag="003">BIBLIOS</controlfield>
  <controlfield tag="005">20200421093821.0</controlfield>
  <controlfield tag="007">vd cvaizq</controlfield>
  <controlfield tag="008">060710s2006    enk295 g          vlita d</controlfield>
  <datafield tag="024" ind1="1" ind2=" ">
    <subfield code="a">00809478009504</subfield>
  </datafield>
  <datafield tag="028" ind1="4" ind2="2">
    <subfield code="a">OA 0960 D</subfield>
    <subfield code="b">BBC/Opus Arte</subfield>
  </datafield>
  <datafield tag="035" ind1=" " ind2=" ">
    <subfield code="a">(OCoLC)123095763</subfield>
  </datafield>
  <datafield tag="035" ind1=" " ind2=" ">
    <subfield code="a">(OCoLC)ocn123095763</subfield>
  </datafield>
  <datafield tag="040" ind1=" " ind2=" ">
    <subfield code="a">BTCTA</subfield>
    <subfield code="c">BTCTA</subfield>
    <subfield code="d">BIBLIOS</subfield>
  </datafield>
  <datafield tag="041" ind1="1" ind2=" ">
    <subfield code="a">ita</subfield>
    <subfield code="b">eng</subfield>
    <subfield code="b">fre</subfield>
    <subfield code="b">ger</subfield>
    <subfield code="b">ita</subfield>
    <subfield code="b">spa</subfield>
  </datafield>
  <datafield tag="245" ind1="0" ind2="0">
    <subfield code="a">Giulio Cesare</subfield>
    <subfield code="h">[videorecording] /</subfield>
    <subfield code="c">music by Georg Frideric Handel ; libretto by Nicola Francesco Haym ; Glyndebourne Festival Opera ; stage director, David McVicar ; producer, Ferenc van Dammer.</subfield>
  </datafield>
  <datafield tag="246" ind1="1" ind2=" ">
    <subfield code="i">Other title on container:</subfield>
    <subfield code="a">Giulio Cesare in Egitto</subfield>
  </datafield>
  <datafield tag="250" ind1=" " ind2=" ">
    <subfield code="a">Widescreen.</subfield>
  </datafield>
  <datafield tag="260" ind1=" " ind2=" ">
    <subfield code="a">Waldron, Heathfield, East Sussex, U.K. :</subfield>
    <subfield code="b">BBC/Opus Arte,</subfield>
    <subfield code="c">2006.</subfield>
  </datafield>
  <datafield tag="300" ind1=" " ind2=" ">
    <subfield code="a">3 videodiscs (295 min.) :</subfield>
    <subfield code="b">sd., col. ;</subfield>
    <subfield code="c">4 3/4 in.</subfield>
  </datafield>
  <datafield tag="500" ind1=" " ind2=" ">
    <subfield code="a">Opera in three acts.</subfield>
  </datafield>
  <datafield tag="500" ind1=" " ind2=" ">
    <subfield code="a">Features: "Danielle de Niese and the Glyndebourne experience" (informal portrait of Danielle de Niese in her first Glyndebourne season), "Entertainment is not a dirty word" (documentary by Ferenc van Damme), production and rehearsal photo galleries, cast gallery, illustrated synopsis.</subfield>
  </datafield>
  <datafield tag="511" ind1="0" ind2=" ">
    <subfield code="a">Danielle De Niese, soprano ; Sarah Connolly, Angelika Kirchschlager, Patricia Bardon, mezzo-sopranos ; Christophe Dumaux, Rachid Ben Abdeslam, countertenors ; Christopher Maltman, baritone ; the Glyndebourne Chorus ; Orchestra of the Age of Enlightenment ; William Christie, conductor.</subfield>
  </datafield>
  <datafield tag="518" ind1=" " ind2=" ">
    <subfield code="a">Filmed at Glyndebourne, in East Sussex, England, 2005.</subfield>
  </datafield>
  <datafield tag="520" ind1=" " ind2=" ">
    <subfield code="a">This imaginative production has been updated to the years before World War I and portrays Caesar as a 19th century British imperialist come to colonize Egypt.</subfield>
  </datafield>
  <datafield tag="521" ind1="8" ind2=" ">
    <subfield code="a">MPAA rating: Not rated.</subfield>
  </datafield>
  <datafield tag="538" ind1=" " ind2=" ">
    <subfield code="a">DVDs, 5.1 DTS surround.</subfield>
  </datafield>
  <datafield tag="540" ind1=" " ind2=" ">
    <subfield code="a">For private home use only.</subfield>
  </datafield>
  <datafield tag="546" ind1=" " ind2=" ">
    <subfield code="a">Sung in Italian with optional subtitles in English, French, German, Italian, or Spanish.</subfield>
  </datafield>
  <datafield tag="600" ind1="1" ind2="0">
    <subfield code="a">Caesar, Julius</subfield>
    <subfield code="v">Drama.</subfield>
    <subfield code="9">328</subfield>
  </datafield>
  <datafield tag="600" ind1="1" ind2="0">
    <subfield code="a">Handel, George Frideric,</subfield>
    <subfield code="d">1685-1759</subfield>
    <subfield code="v">Film and video adaptations.</subfield>
    <subfield code="9">883</subfield>
  </datafield>
  <datafield tag="650" ind1=" " ind2="0">
    <subfield code="a">Operas.</subfield>
    <subfield code="9">884</subfield>
  </datafield>
  <datafield tag="655" ind1=" " ind2="0">
    <subfield code="a">Film adaptations.</subfield>
    <subfield code="9">329</subfield>
  </datafield>
  <datafield tag="700" ind1="1" ind2="2">
    <subfield code="a">Handel, George Frideric,</subfield>
    <subfield code="d">1685-1759</subfield>
    <subfield code="t">Giulio Cesare.</subfield>
    <subfield code="9">330</subfield>
  </datafield>
  <datafield tag="700" ind1="1" ind2=" ">
    <subfield code="a">McVicar, David.</subfield>
    <subfield code="9">331</subfield>
  </datafield>
  <datafield tag="700" ind1="1" ind2=" ">
    <subfield code="a">Haym, Nicola Francesco.</subfield>
    <subfield code="9">332</subfield>
  </datafield>
  <datafield tag="700" ind1="1" ind2=" ">
    <subfield code="a">De Niese, Danielle.</subfield>
    <subfield code="9">333</subfield>
  </datafield>
  <datafield tag="700" ind1="1" ind2=" ">
    <subfield code="a">Connolly, Sarah.</subfield>
    <subfield code="9">334</subfield>
  </datafield>
  <datafield tag="700" ind1="1" ind2=" ">
    <subfield code="a">Kirchschlager, Angelika.</subfield>
    <subfield code="9">335</subfield>
  </datafield>
  <datafield tag="700" ind1="1" ind2=" ">
    <subfield code="a">Bardon, Patricia.</subfield>
    <subfield code="9">336</subfield>
  </datafield>
  <datafield tag="700" ind1="1" ind2=" ">
    <subfield code="a">Dumaux, Christophe.</subfield>
    <subfield code="9">337</subfield>
  </datafield>
  <datafield tag="700" ind1="1" ind2=" ">
    <subfield code="a">Benabdeslam, Rachid.</subfield>
    <subfield code="9">338</subfield>
  </datafield>
  <datafield tag="700" ind1="1" ind2=" ">
    <subfield code="a">Christie, William</subfield>
    <subfield code="q">(William Lincoln)</subfield>
  </datafield>
  <datafield tag="710" ind1="2" ind2=" ">
    <subfield code="a">Glyndebourne Festival Chorus.</subfield>
    <subfield code="9">339</subfield>
  </datafield>
  <datafield tag="710" ind1="2" ind2=" ">
    <subfield code="a">Orchestra of the Age of Enlightenment.</subfield>
    <subfield code="9">340</subfield>
  </datafield>
  <datafield tag="711" ind1="2" ind2=" ">
    <subfield code="a">Glyndebourne Festival Opera.</subfield>
    <subfield code="9">341</subfield>
  </datafield>
  <datafield tag="942" ind1=" " ind2=" ">
    <subfield code="2">ddc</subfield>
    <subfield code="c">BK</subfield>
  </datafield>
  <datafield tag="998" ind1=" " ind2=" ">
    <subfield code="d">31762858</subfield>
    <subfield code="c">GiulioCesare</subfield>
  </datafield>
  <datafield tag="999" ind1=" " ind2=" ">
    <subfield code="c">187</subfield>
    <subfield code="d">187</subfield>
  </datafield>
  <datafield tag="952" ind1=" " ind2=" ">
    <subfield code="0">0</subfield>
    <subfield code="1">0</subfield>
    <subfield code="4">0</subfield>
    <subfield code="7">0</subfield>
    <subfield code="8">NFIC</subfield>
    <subfield code="a">MPL</subfield>
    <subfield code="b">MPL</subfield>
    <subfield code="c">AV</subfield>
    <subfield code="d">2014-09-04</subfield>
    <subfield code="p">39999000007817</subfield>
    <subfield code="r">2014-09-04 00:00:00</subfield>
    <subfield code="w">2014-09-04</subfield>
    <subfield code="y">VM</subfield>
  </datafield>
  <datafield tag="952" ind1=" " ind2=" ">
    <subfield code="0">0</subfield>
    <subfield code="1">0</subfield>
    <subfield code="4">0</subfield>
    <subfield code="7">0</subfield>
    <subfield code="8">NFIC</subfield>
    <subfield code="a">CPL</subfield>
    <subfield code="b">CPL</subfield>
    <subfield code="c">AV</subfield>
    <subfield code="d">2014-09-04</subfield>
    <subfield code="p">39999000007831</subfield>
    <subfield code="r">2014-09-04 00:00:00</subfield>
    <subfield code="w">2014-09-04</subfield>
    <subfield code="y">VM</subfield>
  </datafield>
</record>
